MARC details
| 000 -LEADER |
| fixed length control field |
02579cam a2200505 i 4500 |
| 001 - CONTROL NUMBER |
| control field |
data |
| 005 - DATE AND TIME OF LATEST TRANSACTION |
| control field |
20260322212121.0 |
| 008 - FIXED-LENGTH DATA ELEMENTS--GENERAL INFORMATION |
| fixed length control field |
data |
| 035 ## - SYSTEM CONTROL NUMBER |
| System control number |
22386938 |
| 010 ## - LIBRARY OF CONGRESS CONTROL NUMBER |
| LC control number |
2022930789 |
| 015 ## - NATIONAL BIBLIOGRAPHY NUMBER |
| National bibliography number |
GBC279177 |
| Source |
bnb |
| 016 7# - NATIONAL BIBLIOGRAPHIC AGENCY CONTROL NUMBER |
| Record control number |
020574319 |
| Source |
Uk |
| 020 ## - INTERNATIONAL STANDARD BOOK NUMBER |
| International Standard Book Number |
0789339749 |
| Qualifying information |
(hardcover) |
| 020 ## - INTERNATIONAL STANDARD BOOK NUMBER |
| International Standard Book Number |
9780789339744 |
| Qualifying information |
(hardcover) |
| 035 ## - SYSTEM CONTROL NUMBER |
| System control number |
(OCoLC)1262799191 |
| 040 ## - CATALOGING SOURCE |
| Original cataloging agency |
YDX |
| Language of cataloging |
eng |
| Description conventions |
rda |
| Transcribing agency |
YDX |
| Modifying agency |
DLC |
| -- |
UKMGB |
| -- |
OCLCF |
| -- |
SAP |
| -- |
NYP |
| -- |
OCLCO |
| -- |
PUL |
| -- |
OCLCL |
| -- |
DLC |
| 042 ## - AUTHENTICATION CODE |
| Authentication code |
lccopycat |
| 050 00 - LIBRARY OF CONGRESS CALL NUMBER |
| Classification number |
G151 |
| Item number |
.M55 2022 |
| 082 04 - DEWEY DECIMAL CLASSIFICATION NUMBER |
| Classification number |
910.92 |
| Edition information |
23 |
| 100 1# - MAIN ENTRY--PERSONAL NAME |
| Personal name |
Mikati, Mira, |
| Relator term |
author. |
| 245 10 - TITLE STATEMENT |
| Title |
Colorful world / |
| Statement of responsibility, etc. |
MIra Mikati. |
| 250 ## - EDITION STATEMENT |
| Edition statement |
First edition. |
| 264 #1 - PRODUCTION, PUBLICATION, DISTRIBUTION, MANUFACTURE, AND COPYRIGHT NOTICE |
| Place of production, publication, distribution, manufacture |
New York : |
| Name of producer, publisher, distributor, manufacturer |
Rizzoli International Publications, Inc., |
| Date of production, publication, distribution, manufacture, or copyright notice |
[2022] |
| 264 #4 - PRODUCTION, PUBLICATION, DISTRIBUTION, MANUFACTURE, AND COPYRIGHT NOTICE |
| Date of production, publication, distribution, manufacture, or copyright notice |
©2022 |
| 300 ## - PHYSICAL DESCRIPTION |
| Extent |
198 pages : |
| Other physical details |
chiefly color illustrations ; |
| Dimensions |
26 cm |
| 336 ## - CONTENT TYPE |
| Content type term |
text |
| Content type code |
txt |
| Source |
rdacontent |
| 336 ## - CONTENT TYPE |
| Content type term |
still image |
| Content type code |
sti |
| Source |
rdacontent |
| 337 ## - MEDIA TYPE |
| Media type term |
unmediated |
| Media type code |
n |
| Source |
rdamedia |
| 338 ## - CARRIER TYPE |
| Carrier type term |
volume |
| Carrier type code |
nc |
| Source |
rdacarrier |
| 520 ## - SUMMARY, ETC. |
| Summary, etc. |
"Spectacularly colorful and packed with joie de vivre, this romp through 50 of the most colorful places on earth--from Greece to Japan, Indonesia to Italy--delivers a jolt of optimism and enthusiasm. From the Zhangye Danxia landform in Gansu, China, to the rainbow mountain in the Peruvian Andes, stunning photographs are paired with inspirational quotes from Mikati, whose enthusiasm for travel is intoxi-cating. Driven by her unabashedly optimistic spirit, Mikati has travelled the globe to gather--in her first book--a plethora of visual wonders: ancient monoliths, scenic islands, stunning artwork, electric cityscapes, white-sand seashores, ancient cobbled streets, and both classic and innovative architecture. The infectious, whimsical spirit that carries throughout these pages is reflective of Mikati's own ultra-upbeat outlook on life."-- |
| Assigning source |
Amazon.com. |
| 600 10 - SUBJECT ADDED ENTRY--PERSONAL NAME |
| Personal name |
Mikati, Mira |
| General subdivision |
Travel. |
| 650 #0 - SUBJECT ADDED ENTRY--TOPICAL TERM |
| Topical term or geographic name entry element |
Travel. |
| 650 #0 - SUBJECT ADDED ENTRY--TOPICAL TERM |
| Topical term or geographic name entry element |
Travelers' writings. |
| 650 #6 - SUBJECT ADDED ENTRY--TOPICAL TERM |
| Topical term or geographic name entry element |
Voyage. |
| 650 #6 - SUBJECT ADDED ENTRY--TOPICAL TERM |
| Topical term or geographic name entry element |
Écrits de voyageurs. |
| 650 #7 - SUBJECT ADDED ENTRY--TOPICAL TERM |
| Topical term or geographic name entry element |
travel. |
| Source of heading or term |
aat |
| 650 #7 - SUBJECT ADDED ENTRY--TOPICAL TERM |
| Topical term or geographic name entry element |
travel literature. |
| Source of heading or term |
aat |
| 650 #7 - SUBJECT ADDED ENTRY--TOPICAL TERM |
| Topical term or geographic name entry element |
Travel |
| Source of heading or term |
fast |
| 650 #7 - SUBJECT ADDED ENTRY--TOPICAL TERM |
| Topical term or geographic name entry element |
Travelers' writings |
| Source of heading or term |
fast |
| 758 ## - RESOURCE IDENTIFIER |
| Relationship information |
has work: |
| Label |
Colorful world (Text) |
| Real World Object URI |
https://id.oclc.org/worldcat/entity/E39PCGBxHvrJdGPRgtWp93MPFC |
| Relationship |
https://id.oclc.org/worldcat/ontology/hasWork |
| 906 ## - LOCAL DATA ELEMENT F, LDF (RLIN) |
| a |
7 |
| b |
cbc |
| c |
copycat |
| d |
2 |
| e |
epcn |
| f |
20 |
| g |
y-gencatlg |
| 925 0# - |
| -- |
acquire |
| -- |
1 shelf copy |
| -- |
policy default |